गप्प बसा मुंछासेन (Record no. 1254869)

MARC details
000 -LEADER
fixed length control field 00633nam a2200193Ia 4500
008 - FIXED-LENGTH DATA ELEMENTS--GENERAL INFORMATION
fixed length control field 151121s9999||||xx |||||||||||||| ||und||
082 ## - DEWEY DECIMAL CLASSIFICATION NUMBER
Classification number बा। वि।
082 ## - DEWEY DECIMAL CLASSIFICATION NUMBER
Item number HNW-73411
100 ## - MAIN ENTRY--PERSONAL NAME
Personal name भागवत भा। रा।
245 ## - TITLE STATEMENT
Title गप्प बसा मुंछासेन
260 ## - PUBLICATION, DISTRIBUTION, ETC. (IMPRINT)
Name of publisher, distributor, etc "अंकुश, पुणे।"
260 ## - PUBLICATION, DISTRIBUTION, ETC. (IMPRINT)
Date of publication, distribution, etc --
300 ## - PHYSICAL DESCRIPTION
Extent 100
600 ## - SUBJECT ADDED ENTRY--PERSONAL NAME
Personal name भागवत भा। रा।
630 ## - SUBJECT ADDED ENTRY--UNIFORM TITLE
Uniform title गप्प बसा मुंछासेन
700 ## - ADDED ENTRY--PERSONAL NAME
Personal name भागवत भा। रा।
730 ## - ADDED ENTRY--UNIFORM TITLE
Uniform title गप्प बसा मुंछासेन
942 ## - ADDED ENTRY ELEMENTS (KOHA)
Koha item type Book
Holdings
Withdrawn status Lost status Damaged status Not for loan Home library Current library Date acquired Cost, normal purchase price Total Checkouts Full call number Barcode Date last seen Cost, replacement price Price effective from Koha item type
        Hirachand Nemchand Wachanalaya, Solapur Hirachand Nemchand Wachanalaya, Solapur 11/21/2015 12.00   HNW-73411 HNW-73411 11/21/2015 12.00 11/21/2015 Book